000
00230nam a2200097Ia 4500
008
240331s9999 xx 000 0 und d
082
_b
BES
100
_a
Best, S
245
0
_a
Post modern theory :
_b
critical Interrogations
942
_c
L
999
_c
2107
_d
2107